000 00295nam a22001337a 4500
008 181103b xxu||||| |||| 00| 0 eng d
020 _a9789951692038
041 _aeng
080 _a721
100 _a41
101 _aARK
245 _aReflektime te nje Qytetari
_cSadiki, A
942 _2udc
_cBK
999 _c51774
_d51774